[Event "Noviy Urengoy Flaming Memorial"]
[Site "Noviy Urengoy"]
[Date "2022.09.26"]
[Round "6"]
[White "Lodoev, Ayur"]
[Black "Iljin, Timofey"]
[Result "0-1"]
[WhiteElo "2294"]
[BlackElo "2335"]
[PlyCount "96"]
[EventDate "2022.09.24"]
[EventType "tourn"]
[EventRounds "9"]
[EventCountry "RUS"]
[SourceTitle "EXT 2023"]
[Source "ChessBase"]
[SourceDate "2022.10.05"]
[SourceVersion "1"]
[SourceVersionDate "2022.10.05"]
[SourceQuality "1"]

1. e4 c5 2. Nf3 Nc6 3. d4 cxd4 4. Nxd4 Nf6 5. Nc3 e5 6. Ndb5 d6 7. Nd5 Nxd5 8. exd5 Nb8 9. a4 Be7 10. Be2 0-0 11. 0-0 f5 12. f4 a6 13. Na3 Nd7 14. Nc4 b6 15. b4 Bb7 16. Ra3 Rc8 17. Rh3 g6 18. Be3 exf4 19. Rxf4 Nf6 20. Bxb6 Qd7 21. Rd4 Qxa4 22. Na5 Qd7 23. c4 Ne4 24. Rxe4 fxe4 25. Bg4 Qe8 26. Be6+ Kg7 27. Nxb7 Rxc4 28. Bd4+ Bf6 29. Bxf6+ Rxf6 30. Nxd6 Qa4 31. Qe1 Rd4 32. Re3 Rd1 33. Ne8+ Kh6 34. Nxf6 Rxe1+ 35. Rxe1 Qxb4 36. Ng4+ Kg5 37. Re2 h5 38. Ne3 a5 39. Kf2 a4 40. g3 a3 41. Rc2 Qb3 42. Rd2 a2 43. Nc2 e3+ 44. Nxe3 a1Q 45. Bh3 Qf6+ 46. Ke2 Qfc3 47. Nd1 Qbc4+ 48. Ke1 Qe4+ 0-1

[Event "Novy Urengoy Flaming Memorial"]
[Site "Novy Urengoy"]
[Date "2021.10.22"]
[Round "4"]
[White "Lodoev, Ayur"]
[Black "Iljin, Timofey"]
[Result "1/2-1/2"]
[WhiteElo "2310"]
[BlackElo "2317"]
[PlyCount "149"]
[EventDate "2021.10.20"]
[EventType "tourn"]
[EventRounds "9"]
[EventCountry "RUS"]
[EventCategory "2"]
[SourceTitle "CBM 204 Extra"]
[Source "ChessBase"]
[SourceDate "2021.11.30"]
[SourceVersion "1"]
[SourceVersionDate "2021.11.30"]
[SourceQuality "1"]

1. e4 c5 2. Nf3 Nc6 3. d4 cxd4 4. Nxd4 Nf6 5. Nc3 e5 6. Ndb5 d6 7. Nd5 Nxd5 8. exd5 Ne7 9. c4 Ng6 10. Qa4 Bd7 11. Qb4 Qb8 12. h4 h5 13. Be3 a6 14. Nc3 Be7 15. g3 b5 16. cxb5 axb5 17. Be2 f5 18. 0-0 f4 19. Bd2 Qd8 20. Qe4 Kf7 21. Nxb5 Rh6 22. a4 Nxh4 23. gxh4 Rg6+ 24. Kh2 Bf8 25. Qxg6+ Kxg6 26. Rg1+ Kh6 27. Rg5 g6 28. Bd3 Bf5 29. Bxf5 gxf5 30. Nd4 exd4 31. Bxf4 Qe8 32. Re1 Qxe1 33. Rg1+ Kh7 34. Rxe1 Rxa4 35. Kg3 d3 36. Rd1 Rd4 37. Kf3 Rxd5 38. Ke3 Rb5 39. Rxd3 d5 40. Be5 Be7 41. Kf4 Bxh4 42. Rh3 Bxf2 43. Rxh5+ Kg6 44. Rg5+ Kf7 45. Kxf5 Rb6 46. Rg7+ Kf8 47. Rd7 Bc5 48. Bf6 Ke8 49. Rxd5 Be7 50. Be5 Rb3 51. Ra5 Rb6 52. Ra7 Bc5 53. Rc7 Bd6 54. Bxd6 Rxd6 55. Ke5 Rb6 56. Rc2 Kd7 57. Kd5 Rb5+ 58. Kc4 Kc6 59. b4 Rh5 60. Rd2 Rg5 61. Rd4 Rh5 62. Rg4 Rh6 63. Kb3 Kb6 64. Ka4 Rf6 65. Rg8 Rf5 66. Rg6+ Kb7 67. Rg4 Rh5 68. b5 Rh6 69. Ka5 Rf6 70. Rg7+ Kb8 71. Rg4 Kb7 72. Rg5 Rh6 73. b6 Rh1 74. Rg7+ Kb8 75. Rg5 1/2-1/2

[Event "Nezhmetdinov Memorial rapid 41st"]
[Site "Kazan"]
[Date "2019.05.29"]
[Round "2"]
[White "Sarana, Alexey"]
[Black "Lodoev, Ayur"]
[Result "1-0"]
[WhiteElo "2636"]
[BlackElo "2229"]
[PlyCount "61"]
[EventDate "2019.05.29"]
[EventType "swiss (rapid)"]
[EventRounds "11"]
[EventCountry "RUS"]
[SourceTitle "CBM 190 Extra"]
[Source "ChessBase"]
[SourceDate "2019.07.15"]
[SourceVersion "1"]
[SourceVersionDate "2019.07.15"]
[SourceQuality "1"]

1. d4 Nf6 2. c4 e6 3. Nf3 d5 4. Nc3 Be7 5. g3 0-0 6. Bg2 c6 7. 0-0 b6 8. Ne5 Bb7 9. e4 dxc4 10. Nxc4 Ba6 11. b3 b5 12. Ne5 b4 13. Ne2 Bxe2 14. Qxe2 Qxd4 15. Bb2 Qb6 16. Rac1 Nfd7 17. Nc4 Qb5 18. Rfd1 Nb6 19. Qg4 Qg5 20. Qxg5 Bxg5 21. f4 Be7 22. Na5 Rc8 23. f5 Bg5 24. Rc2 Na6 25. fxe6 fxe6 26. Nxc6 Rc7 27. Bh3 Re8 28. Nxb4 Rxc2 29. Nxc2 e5 30. Ba3 Be3+ 31. Nxe3 1-0

[Event "Khanty-Mansiysk Governor Cup-B 9th"]
[Site "Khanty-Mansiysk"]
[Date "2013.12.05"]
[Round "8"]
[White "Lodoev, Ayur"]
[Black "Goriatchkin, Jouri"]
[Result "0-1"]
[WhiteElo "2160"]
[BlackElo "2322"]
[PlyCount "58"]
[EventDate "2013.11.28"]
[EventType "swiss"]
[EventRounds "9"]
[EventCountry "RUS"]
[SourceTitle "CBM 157 Extra"]
[Source "ChessBase"]
[SourceDate "2013.12.19"]
[SourceVersion "1"]
[SourceVersionDate "2013.12.19"]
[SourceQuality "1"]

1. e4 c5 2. Nf3 Nc6 3. d4 cxd4 4. Nxd4 e5 5. Nb5 d6 6. N1c3 a6 7. Na3 b5 8. Nd5 Nce7 9. Nxe7 Bxe7 10. c4 Nf6 11. Bd3 0-0 12. 0-0 Bb7 13. Qe2 bxc4 14. Nxc4 d5 15. Nxe5 dxe4 16. Bc2 Qc7 17. Nc4 Ng4 18. Qxg4 Qxc4 19. Bb3 Qc8 20. Qg3 Bf6 21. Bf4 Qf5 22. Rad1 Rfd8 23. Bc7 Rd3 24. Rxd3 exd3 25. Bc4 d2 26. Bd3 Qd5 27. Rd1 Re8 28. Kf1 Qe6 29. Ba5 Qe1+ 0-1

[Event "Khanty-Mansiysk Governor Cup-B 9th"]
[Site "Khanty-Mansiysk"]
[Date "2013.12.02"]
[Round "5"]
[White "Gordeev, Sergey"]
[Black "Lodoev, Ayur"]
[Result "1-0"]
[WhiteElo "2087"]
[BlackElo "2160"]
[PlyCount "67"]
[EventDate "2013.11.28"]
[EventType "swiss"]
[EventRounds "9"]
[EventCountry "RUS"]
[SourceTitle "CBM 157 Extra"]
[Source "ChessBase"]
[SourceDate "2013.12.19"]
[SourceVersion "1"]
[SourceVersionDate "2013.12.19"]
[SourceQuality "1"]

1. c4 Nf6 2. g3 g6 3. Bg2 Bg7 4. d4 d6 5. Nf3 0-0 6. 0-0 Nc6 7. d5 Na5 8. Nbd2 c5 9. e4 b5 10. cxb5 a6 11. bxa6 Bxa6 12. Re1 Qb6 13. Qc2 Nd7 14. Rb1 c4 15. b4 cxb3 16. Nxb3 Rfc8 17. Qd1 Nc4 18. Bf1 Bc3 19. Nbd2 Qa5 20. Bxc4 Bxc4 21. Nxc4 Rxc4 22. Re2 Nc5 23. e5 dxe5 24. Nxe5 Bxe5 25. Rxe5 Qxa2 26. Be3 Re4 27. Rxe4 Nxe4 28. Rb3 Rd8 29. Rd3 f6 30. Kg2 Rd6 31. Qc1 Rxd5 32. Ra3 Qe2 33. Ra8+ Kf7 34. Qc8 1-0

[Event "Khanty-Mansiysk Governor Cup-B 9th"]
[Site "Khanty-Mansiysk"]
[Date "2013.11.30"]
[Round "3"]
[White "Beletsky, Alexey"]
[Black "Lodoev, Ayur"]
[Result "1-0"]
[WhiteElo "2330"]
[BlackElo "2160"]
[PlyCount "107"]
[EventDate "2013.11.28"]
[EventType "swiss"]
[EventRounds "9"]
[EventCountry "RUS"]
[SourceTitle "CBM 157 Extra"]
[Source "ChessBase"]
[SourceDate "2013.12.19"]
[SourceVersion "1"]
[SourceVersionDate "2013.12.19"]
[SourceQuality "1"]

1. Nf3 Nf6 2. c4 g6 3. Nc3 Bg7 4. e4 d6 5. d4 0-0 6. Be2 e5 7. dxe5 dxe5 8. Qxd8 Rxd8 9. Bg5 Re8 10. Nd5 Nxd5 11. cxd5 c6 12. Bc4 h6 13. Be3 cxd5 14. Bxd5 Nd7 15. Nd2 Nf6 16. Bb3 Be6 17. Bxe6 Rxe6 18. f3 Rc6 19. Ke2 a6 20. Rhc1 Rac8 21. Nb3 Nd7 22. Na5 Rxc1 23. Rxc1 Rxc1 24. Bxc1 b6 25. Nc6 Bf8 26. a4 f6 27. Be3 Kf7 28. b4 Ke6 29. Kd3 Kd6 30. b5 Nc5+ 31. Kc4 Nxa4 32. Nb4 axb5+ 33. Kxb5 Nc5 34. Nd5 Nd7 35. Bxb6 Nxb6 36. Kxb6 f5 37. Ne3 Ke6 38. Kc6 h5 39. Nd5 fxe4 40. fxe4 Ba3 41. Nb6 Bb2 42. Nd7 h4 43. Nc5+ Kf6 44. Kd5 Kg5 45. Nd3 Bc3 46. Nxe5 h3 47. g3 Kh5 48. Nd7 Be1 49. e5 Kg5 50. e6 Bb4 51. Nc5 Kf6 52. Nd3 Ba3 53. Nf2 Kf5 54. Nxh3 1-0

[Event "Khanty-Mansiysk Governor Cup-B 8th"]
[Site "Khanty-Mansiysk"]
[Date "2012.11.22"]
[Round "8"]
[White "Chuguev, Anton"]
[Black "Lodoev, Ayur"]
[Result "1/2-1/2"]
[WhiteElo "2235"]
[BlackElo "2145"]
[PlyCount "116"]
[EventDate "2012.11.15"]
[EventType "swiss"]
[EventRounds "9"]
[EventCountry "RUS"]
[SourceTitle "CBM 151 Extra"]
[Source "ChessBase"]
[SourceDate "2012.12.18"]
[SourceVersion "1"]
[SourceVersionDate "2012.12.18"]
[SourceQuality "1"]

1. d4 Nf6 2. Nf3 g6 3. Nc3 Bg7 4. e4 d6 5. h3 0-0 6. Be3 c6 7. a4 Qc7 8. Qd2 a5 9. Be2 Na6 10. 0-0 b6 11. Bf4 Nb4 12. Rfe1 Re8 13. e5 Nfd5 14. Bg3 Bf5 15. Nh4 dxe5 16. Nxf5 gxf5 17. Nxd5 Nxd5 18. Bxe5 Bxe5 19. dxe5 Qxe5 20. Qg5+ Qg7 21. Qxf5 e6 22. Qh5 Rad8 23. Qh4 Nb4 24. c3 Nd5 25. Bf3 e5 26. Rad1 Rd6 27. c4 Rh6 28. Qg4 Qxg4 29. hxg4 Nb4 30. Rd7 Ree6 31. Be4 Rd6 32. Rd1 Rxd1+ 33. Rxd1 Kf8 34. g3 Ke7 35. Kg2 Rd6 36. Rxd6 Kxd6 37. Bxh7 Kc5 38. Bg8 f6 39. f4 exf4 40. gxf4 Nd3 41. b3 Nxf4+ 42. Kf3 Ng6 43. Ke4 Ne7 44. Bf7 Kb4 45. Kf4 c5 46. Be8 Kxb3 47. Bb5 Kc3 48. Ke4 Kd2 49. Bd7 Ke2 50. Bb5 Kf2 51. Kf4 Nc8 52. Kf5 Nd6+ 53. Kxf6 Nxb5 54. cxb5 c4 55. g5 c3 56. g6 c2 57. g7 c1Q 58. g8Q Qf4+ 1/2-1/2

[Event "Khanty-Mansiysk Governor Cup-B 8th"]
[Site "Khanty-Mansiysk"]
[Date "2012.11.20"]
[Round "5"]
[White "Lodoev, Ayur"]
[Black "Sedenko, Anatoly Ivanovich"]
[Result "1-0"]
[WhiteElo "2145"]
[BlackElo "2030"]
[PlyCount "47"]
[EventDate "2012.11.15"]
[EventType "swiss"]
[EventRounds "9"]
[EventCountry "RUS"]
[SourceTitle "CBM 151 Extra"]
[Source "ChessBase"]
[SourceDate "2012.12.18"]
[SourceVersion "1"]
[SourceVersionDate "2012.12.18"]
[SourceQuality "1"]

1. e4 e5 2. Nf3 Nc6 3. Bb5 Nge7 4. d4 Nxd4 5. Nxd4 exd4 6. Qxd4 Nc6 7. Qe3 Qe7 8. Nc3 Nb4 9. Ba4 c6 10. a3 Na6 11. b4 Nc7 12. Bb2 Ne6 13. 0-0 Qf6 14. Rad1 a5 15. b5 Bc5 16. e5 Bxe3 17. exf6 Bd4 18. Rxd4 Nxd4 19. fxg7 Rg8 20. Ne4 Ne2+ 21. Kh1 Ke7 22. Re1 d5 23. Nf6 Rxg7 24. Rxe2+ 1-0

[Event "Khanty-Mansiysk Governor Cup-B 8th"]
[Site "Khanty-Mansiysk"]
[Date "2012.11.16"]
[Round "2"]
[White "Sharafiev, Azat"]
[Black "Lodoev, Ayur"]
[Result "1-0"]
[WhiteElo "2428"]
[BlackElo "2145"]
[PlyCount "63"]
[EventDate "2012.11.15"]
[EventType "swiss"]
[EventRounds "9"]
[EventCountry "RUS"]
[SourceTitle "CBM 151 Extra"]
[Source "ChessBase"]
[SourceDate "2012.12.18"]
[SourceVersion "1"]
[SourceVersionDate "2012.12.18"]
[SourceQuality "1"]

1. Nf3 Nf6 2. g3 g6 3. Bg2 Bg7 4. 0-0 0-0 5. d4 d6 6. Re1 Nbd7 7. e4 e5 8. c3 b6 9. a4 Bb7 10. Nbd2 Re8 11. d5 c6 12. Nc4 Bf8 13. Nxd6 Bxd6 14. dxc6 Bxc6 15. Qxd6 Re6 16. Qb4 a5 17. Qc4 Rc8 18. Bg5 Qe8 19. Bh3 Bxe4 20. Qe2 Bf5 21. Bxf5 gxf5 22. Nh4 Ne4 23. Bc1 Nd6 24. Qc2 e4 25. Bf4 Ne5 26. Red1 Qc6 27. Bxe5 Rxe5 28. Qd2 e3 29. Qxd6 exf2+ 30. Kxf2 Qe4 31. Qd3 Qg4 32. Re1 1-0

[Event "Arctic Cup U16"]
[Site "Salekhard"]
[Date "2003.10.11"]
[Round "9"]
[White "Faizrakhmanov, Gennadi"]
[Black "Lodoev, Ayur"]
[Result "1/2-1/2"]
[WhiteElo "2248"]
[BlackElo "2118"]
[PlyCount "68"]
[EventDate "2003.10.05"]
[EventType "team"]
[EventRounds "9"]
[EventCountry "RUS"]
[SourceTitle "CBM 096 Extra"]
[Source "ChessBase"]
[SourceDate "2003.10.22"]
[SourceVersion "2"]
[SourceVersionDate "2003.10.20"]
[SourceQuality "1"]

1. e4 c5 2. Nf3 d6 3. Bb5+ Bd7 4. Bxd7+ Qxd7 5. c4 Nc6 6. d4 cxd4 7. Nxd4 Nf6 8. Nc3 e6 9. 0-0 Be7 10. b3 0-0 11. Ba3 Rfd8 12. Re1 a6 13. Nxc6 Qxc6 14. Rc1 b6 15. Qe2 Qb7 16. Red1 Rac8 17. f3 h6 18. Qe3 b5 19. cxb5 axb5 20. Bb4 Rd7 21. Qd3 Rb8 22. Kf1 d5 23. Bxe7 dxe4 24. Qxb5 Qxb5+ 25. Nxb5 Rxe7 26. a4 exf3 27. gxf3 Nd5 28. Kf2 g5 29. Rc5 Kg7 30. Nd4 Reb7 31. Rdc1 Nf4 32. R1c3 Rd8 33. Nc6 Rd2+ 34. Kf1 Rbd7 1/2-1/2

[Event "Arctic Cup U16"]
[Site "Salekhard"]
[Date "2003.10.05"]
[Round "1"]
[White "Lodoev, Ayur"]
[Black "Okara, Andrey"]
[Result "0-1"]
[WhiteElo "2118"]
[BlackElo "2149"]
[PlyCount "58"]
[EventDate "2003.10.05"]
[EventType "team"]
[EventRounds "9"]
[EventCountry "RUS"]
[SourceTitle "CBM 096 Extra"]
[Source "ChessBase"]
[SourceDate "2003.10.22"]
[SourceVersion "2"]
[SourceVersionDate "2003.10.20"]
[SourceQuality "1"]

1. e4 e5 2. Nf3 Nc6 3. d4 exd4 4. Nxd4 Bc5 5. Nb3 Bb6 6. Nc3 d6 7. Qe2 Nge7 8. Be3 0-0 9. 0-0-0 f5 10. g3 fxe4 11. Bg2 Ne5 12. h3 Nf5 13. Bxb6 axb6 14. Bxe4 c6 15. Kb1 b5 16. g4 Ne7 17. Qe3 N7g6 18. Ne2 Qf6 19. Rhf1 Nf4 20. Nbd4 Nc4 21. Qc3 Nxe2 22. Nxe2 Qe6 23. Bf5 Qxe2 24. Rfe1 Qxf2 25. Rf1 Qh4 26. b3 Na3+ 27. Kb2 Bxf5 28. Rxf5 Rxf5 29. gxf5 b4 0-1